000 00379nam a2200133Ia 4500
008 100328s9999 xx 000 0 und d
082 _b53006
100 _aआपटे ह.ना.
245 _aमाली स्थिती
260 _bआर्यभूषण
630 _aमाली स्थिती
730 _aमाली स्थिती
942 _cBOOK
999 _c539852
_d539849